Tilastot visalle Australia-visa

Klikkaa tästä pelataksesi tätä visaa!

Yleistilastot

  • Tätä visaa on pelattu 630 kertaa
  • Keskiarvotulos 9 / 18

Vastaustilastot

VihjeVastaus% Oikein
Väkirikkain kaupunkiSydney
99%
PääkaupunkiCanberra
93%
Vaakunassa esiintyvät eläimetKenguru
80%
Suurin saariTasmania
71%
Maailman suurin koralliriuttaIso {valli}riutta
67%
Australian mantereen alkuperäisasukkaatAboriginaalit
64%
Osavaltio, joka alkaa kirjaimella QQueensland
61%
Nokkasiili on toinen nokkaeläimistä. Mikä on se toinen?Vesinokkaeläin
60%
Maamerkki, joka tunnetaan myös nimellä Ayers RockUluru
48%
Joskus kutsuttu maailman myrkyllisimmäksi olennoksiKuutio{meduusa}
45%
26. tammikuuta vietettävä juhla{Australia}-päivä
43%
Nimi, jonka alankomaalainen tutkimusmatkailija
Abel Tasman antoi Australialle
Uusi-{Hollanti}
35%
Vaakunassa esiintyvät eläimetEmu
34%
Käsite Australian laajoille ja syrjäisille sisäalueilleOutback
29%
Uusi Etelä-Wales perustettiin aluksi...{Rangaistus}siirtokunnaksi
28%
HiivalevitetuotemerkkiVegemite
25%
KansallisjalokiviOpaali
24%
KansallislauluAdvance
Australia {Fair}
15%

Tulosjakauma

Persentiili vastausten määrän mukaan

Jokaisen tuloksen saaneiden osuus

Tuloshistoriasi

Et ole pelannut tätä visaa